Regionálna konferencia štátov Európy a Severnej Ameriky o Vzdelávaní pre všetkých

Bibliographic Details
Main Author: Šimčáková, Ľudmila, 1957- (Author)
Format: Article
Language:Slovak
ISSN:1335-1982
Subjects:

MARC

LEADER 00000nab a2200000 a 4500
001 vtls000766797
003 SK-MaSNL
005 20260520141514.0
008 250429c2001 xo 0 slo
015 |a SNBRB2001/09-25307 
035 |a CLN000118584 
035 |a urn:nbn:sk:snk-ab7jp6 
035 |a (urnnbn)urn:nbn:sk:snk:ar-005ysx 
035 |a (uuid)8e47e64e-cb14-4afa-a0b6-8b7d99ab4e5e 
040 |a SNKBUCL  |b slo  |c SNKBUCL  |e AACR2 
041 0 |a slo 
044 |a xo  |c SK 
080 |a 37.014(4:7):061.3  |2 1997 
100 1 |a Šimčáková, Ľudmila,  |d 1957-  |4 aut  |9 1638194 
245 1 0 |a Regionálna konferencia štátov Európy a Severnej Ameriky o Vzdelávaní pre všetkých  |c Ľudmila Šimčáková 
650 0 7 |a vzdelávanie  |z Európa  |z Severná Amerika  |x konferencie  |x 2000  |2 snkbucl  |9 1404988 
655 7 |a články z novín a časopisov  |2 snkbucl  |9 267496 
773 0 |t Pedagogická revue  |g Roč. 53, č. 3 (2001), s. 283-287  |x 1335-1982 
850 |a Slovenská národná knižnica 
852 |a Slovenská národná knižnica 
954 |a odborná, vedecká literatúra pôvodná (slovenská)  |2 lita 
958 |a article7 
958 |a OND 
958 |a SK 
958 |a EUIPO 
992 |a RBX 
999 |c 2852315  |d 2854245